Overenie nových prístupov neuro-evolúcie

Salvato in:
Dettagli Bibliografici
Autore principale: Berki, Martin (Autore)
Altri autori: Sekaj, Ivan (Relatore della tesi)
Natura: Manoscritto Libro
Lingua:slovacco
Pubblicazione: Bratislava : STU v Bratislave FEI, 2022
Soggetti:
Accesso online:https://opac.crzp.sk/?fn=detailBiblioFormChildK19841&sid=85CE14C1EED0152B7936DF9735B2&seo=CRZP-detail-kniha
Tags: Aggiungi Tag
Nessun Tag, puoi essere il primo ad aggiungerne!!

MARC

LEADER 00000ntm a22000003a 4500
001 stuzp82593
003 SK-STU
005 20230314140004.0
007 ta
008 150427s2015----xo-----f-mn---000-0-slo-d
040 |a STU  |b slo 
041 0 |a slo 
044 |a xo 
100 1 |a Berki, Martin  |u 031000  |4 aut  |U FEI Fakulta elektrotechniky a informatiky  |T FEI Ústav robotiky a kybernetiky  |X 98310  |U E011  |Y 356  |7 98310 
242 0 1 |a Verification of New Neuroevolution Approaches  |y eng 
245 1 0 |a Overenie nových prístupov neuro-evolúcie 
260 |a Bratislava :  |b STU v Bratislave FEI,  |c 2022 
300 |a 67 s., príl. 
650 4 |a Neuro-evolúcia  |2 slo 
650 4 |a Genetický algoritmus  |2 slo 
650 4 |a Umelé neurónové siete  |2 slo 
650 4 |a Neuroevolution  |2 eng 
650 4 |a Genetic algorithm  |2 eng 
650 4 |a Artificial neural networks  |2 eng 
700 1 |a Sekaj, Ivan  |u 031000  |k Z1  |4 ths  |U FEI Fakulta elektrotechniky a informatiky  |T FEI Ústav robotiky a kybernetiky  |X 4946  |U E011  |Y 356  |7 A000004946 
856 4 |u https://opac.crzp.sk/?fn=detailBiblioFormChildK19841&sid=85CE14C1EED0152B7936DF9735B2&seo=CRZP-detail-kniha